| 000 | 01428nam a2200361Ia 4500 | ||
|---|---|---|---|
| 001 | ebr10510398 | ||
| 003 | CaPaEBR | ||
| 006 | m u | ||
| 007 | cr cn||||||||| | ||
| 008 | 101129s2011 enka sb 001 0 eng d | ||
| 010 | _z 2010050378 | ||
| 020 | _z0470721111 | ||
| 020 | _z9780470721117 | ||
| 020 | _z9781119990857 | ||
| 040 |
_aCaPaEBR _cCaPaEBR |
||
| 035 | _a(OCoLC)711780374 | ||
| 050 | 1 | 4 |
_aTP339 _b.T476 2011eb |
| 082 | 0 | 4 |
_a662/.88 _222 |
| 245 | 0 | 0 |
_aThermochemical processing of biomass _h[electronic resource] : _bconversion into fuels, chemicals and power / _cddited by Robert C. Brown. |
| 260 |
_aChichester, West Sussex, United Kingdom : _bJohn Wiley & Sons, Ltd., _c2011. |
||
| 300 |
_axiv, 330 p. : _bill. |
||
| 490 | 1 | _aWiley series in renewable resources | |
| 504 | _aIncludes bibliographical references and index. | ||
| 533 |
_aElectronic reproduction. _bPalo Alto, Calif. : _cebrary, _d2013. _nAvailable via World Wide Web. _nAccess may be limited to ebrary affiliated libraries. |
||
| 650 | 0 | _aBiomass energy. | |
| 650 | 0 | _aThermochemistry. | |
| 650 | 0 | _aEnergy conversion. | |
| 655 | 7 |
_aElectronic books. _2local |
|
| 700 | 1 |
_aBrown, Robert C. _q(Robert Clinton) |
|
| 710 | 2 | _aebrary, Inc. | |
| 830 | 0 | _aWiley series in renewable resources. | |
| 856 | 4 | 0 |
_uhttp://site.ebrary.com/lib/rucke/Doc?id=10510398 _zAn electronic book accessible through the World Wide Web; click to view |
| 999 |
_c119744 _d119744 |
||